| 000 | 00404nam a2200157Ia 4500 | ||
|---|---|---|---|
| 008 | 230917s9999||||xx |||||||||||||| ||und|| | ||
| 020 | _cRS500 | ||
| 040 |
_e9011 _aMAIN |
||
| 041 | _aEnglish | ||
| 082 | _a352.054 P277L | ||
| 100 | _aPattanayak, Raimann, ed. | ||
| 245 | 0 | _aLocal government administration reform | |
| 260 |
_aNew Delhi _bAnmol Publications _c1994 |
||
| 300 | _av, 364 p. | ||
| 942 | _cBK | ||
| 999 |
_c94696 _d94696 |
||